000 00316nam a2200109Ia 4500
008 171211s9999 xx 000 0 und d
245 _aIan Brown: Already in Me: With and Without the Roses
245 _cMichael O'Connell
260 _c2006
650 _xmusic
856 _uhttp://down.ebook777.com/063/184240332X.pdf
999 _c348626
_d348626